000 01206nam a2200289 i 4500
001 170048
003 ES-MaACL
005 20230906214254.0
008 090119s1980 sp ef |||| | spa d
020 _a84-7392-155-0
080 _a286.12
080 _a28
100 1 _aServet, Miguel.
_9105862
245 1 0 _aRestitución del cristianismo /
_cMiguel Servet ; primera traducción castellana de Ángel Alcalá y Luis Betés ; edición, introducción y notas de Ángel Alcalá.
260 _aMadrid :
_bFundación Universitaria Española,
_c1980.
300 _a821 p., [34] p. de lám., [1] plano pleg. ;
_c24 cm.
490 1 _aPublicaciones de la Fundación Universitaria Española. Clásicos olvidados ;
_v3
500 _aÍndices.
504 _aReferencias bibliográficas.
650 4 _aCristianismo-
_vObras de controversia.
_911431
700 1 _aAlcalá Galve, Ángel.
_919463
700 1 _aBetés Palomo, Luis.
_9139200
710 2 _aFundación Universitaria Española.
_94426
830 1 _aPublicaciones de la Fundación Universitaria Española. Clásicos olvidados ;
_v3
_9188920
852 4 _aES-MaACL
_jE-12398
_z- Biblioteca Jacinto Martínez Lacalle
999 _c170048
_d170048